000 00947nam1a22002771i 4500
001 rc\2374964
005 20240726015808.0
035 _a(NLR Aleph) 006602435
090 _a7262214
_c7262214
100 _a20110829d1976 |||y0rusy50 ca
101 0 _arus
102 _aRU
105 _ay z |||||
200 1 _aВспыхивающие звезды в плеядах
_fЛ.В. Мирзоян, О.С. Чавушян, Л.К. Ерастова [и др.]. 5-
210 _aЕреван
_cБ. и.
_d1976
215 _d21
225 1 _aБюракан. астрофиз. обсерватория. Препринт
300 _aРезюме на англ. яз.
701 1 _aЧавушян
_bО.С.
701 1 _aЕрастова
_bЛ.К.
701 1 _aМирзоян
_bЛ.В.
_gЛюдвиг Васильевич
801 0 _aRU
_bNLR
_gpsbo
801 1 _aRU
_bELAR
_2rusmarc
852 _aNLR
_j71-4/16474
899 _aRuMoRGB
_jБр 167/210
942 _cBOOK